| 000 | 00867cam a2200217 4500 | ||
|---|---|---|---|
| 008 | 000000n2001 000 0 eng u | ||
| 020 | _a0582423325 | ||
| 035 | _a(Sirsi) u111697 | ||
| 050 | _a346.41043 | ||
| 100 | _aPanesar, Sukhinder | ||
| 245 | _aGeneral principles of property law | ||
| 260 |
_aHarlow, Essex _bPearson Education _c2001 |
||
| 300 | _axvi, 253p. ; 24cm. | ||
| 350 | _a19.99 | ||
| 520 | _aAimed at students this book examines the fundamental principles of property law. Chapters include an examination of how property lawyers classify property, in particular the distinction between real and personal property and legal and equitable property. Important concepts such as ownership, possession and title are also discussed. | ||
| 650 | _aPROPERTY LAW | ||
| 650 | _aLAW | ||
| 650 | _aPROPERTY RIGHTS | ||
| 690 | _aPROPERTY | ||
| 942 | _n0 | ||
| 999 |
_c101280 _d101280 |
||